| 000 | 00724cab a22001935a 4500 | ||
|---|---|---|---|
| 001 | L143722 | ||
| 008 | 070530e20080523xxka f 000 0 eng d | ||
| 035 | _a(Sirsi) u143722 | ||
| 041 | 0 | _aeng | |
| 100 | 1 | _aHatcher, David | |
| 245 | 0 | 0 |
_aRegional _bEast Anglia |
| 260 | _c2008 | ||
| 490 | 0 |
_aProperty Week _v73(21) 23 May 2007, 123-135(7) |
|
| 520 | _aReports on news and deals from around the region. Discusses a plan to flood the Norfolk Broads. Asks if a group of residential development schemes in Ipswich Waterfront will help regenerate the area despite the declining housing market. | ||
| 590 | _aKA | ||
| 651 | 4 | _aEast Anglia | |
| 690 | _aPROPERTY-COMMERCIAL PROPERTY-COMMERCIAL PROPERTY MARKET | ||
| 942 | _n0 | ||
| 999 |
_c108260 _d108260 |
||